| 000 | 003490000a22001570004500 | ||
|---|---|---|---|
| 003 | MACL | ||
| 040 | _aMACL | ||
| 090 |
_c48062 _d48060 |
||
| 100 | _aMukhopadhyay,S.C. | ||
| 245 | _aRiver Dynamics of West Bengal Vol-1 | ||
| 260 |
_aKolkata _bprayas _c2010 |
||
| 350 | _a200 | ||
| 650 | _aScience | ||
| 942 |
_cBOOK _k554/MUK |
||
| 951 | _o554/MUK BOOK | ||
| 999 |
_c47552 _d47552 |
||